LIBRARY & INFORMATION CENTRE, KCAET, TAVANUR

ONLINE PUBLIC ACCESS CATALOGUE (OPAC)

Panchayathi raj : perspective and programme / (Record no. 10433)

MARC details
000 -LEADER
fixed length control field 00445cam a2200169ua 4500
041 ## - LANGUAGE CODE
Language code of text/sound track or separate title eng
082 ## - DEWEY DECIMAL CLASSIFICATION NUMBER
Classification number 352.00722
Item number JAY/PA
100 ## - MAIN ENTRY--AUTHOR NAME
Personal name Jayaprakash, Narayan .
245 ## - TITLE STATEMENT
Title Panchayathi raj : perspective and programme /
260 ## - PUBLICATION, DISTRIBUTION, ETC. (IMPRINT)
Place of publication India :
Name of publisher Panchayat parishad ,
Year of publication 1965.
300 ## - PHYSICAL DESCRIPTION
Number of Pages 128 ; .
942 ## - ADDED ENTRY ELEMENTS (KOHA)
Koha item type Books
Holdings
Withdrawn status Lost status Damaged status Home library Current library Date acquired Full call number Accession Number Koha item type
      KAUAET KAUAET 07/04/2012 352.00722 13323 Books
free website counter